| 000 | 00892nam a22002897a 4500 | ||
|---|---|---|---|
| 001 | 00260 | ||
| 003 | DO-SdBNP | ||
| 005 | 20180122110338.0 | ||
| 008 | 151201b 1983 sp xxu||||| |||| 00| 0 spa d | ||
| 020 | _a8427933533 | ||
| 040 |
_aBPMSU _bspa _cBPMSU |
||
| 041 | 1 | 7 |
_aspa _hfre |
| 092 |
_axxxxx _bxxxxx |
||
| 100 | 1 |
_aWölfel, Ursula, _d1922-2014. |
|
| 240 | 1 | 0 |
_aSinchen hinter der Mauer. _lEspañol. |
| 245 | 1 | 0 |
_aDetrás del muro / _cUrsula Wölfel ; traducción Lola Romero ; cubierta e ilustraciones Margarita Menéndez. |
| 260 |
_aBarcelona ; Madrid : _bNoguer, _c1983. |
||
| 300 |
_a127 p. : _bil. ; _c19 cm. |
||
| 490 | 1 |
_aMundo mágico _v; 41 |
|
| 700 | 1 | 2 |
_aRomero, Lola, _etr. |
| 700 | 1 | 2 |
_aMenéndez, Margarita, _eil. |
| 830 | 0 |
_aMundo mágico _n; 41 |
|
| 910 | _a00260 | ||
| 942 |
_2ddc _cBK |
||
| 945 | _ainventariado, 2018 / dg | ||
| 956 |
_aLorenza Pérez _b10 |
||
| 999 |
_c8975 _d8975 |
||